=LDR 00000nam 2200000 4500 =001 INLIS000000000036729 =005 20130612142510 =008 ***********************************Ind** =035 ##$$0010-061300000036729 =041 ##$$a Ind =082 ##$$a 028.5 =090 ##$$a 028.5, Dam t =100 ##$$a Dami, Andrea =245 ##$$a The Faran = tanah pertanian, Andrea Dami ; alih bahasa, Ramayanti =260 ##$$a 2008 $b Jakarta =300 ##$$a 11 hlm, ilus, 25 cm =650 ##$$a Bacaan kanak-kanak =700 ##$$a Ramayanti =850 ##$$a NBPNMAT